Evaluación de programas educativos

Сохранить в:
Библиографические подробности
Главный автор: Pérez Juste, Ramón (Автор)
Формат:
Язык:испанский
Опубликовано: Madrid La Muralla S. A 2006
Редактирование:1a. ed
Предметы:
Метки: Добавить метку
Нет меток, Требуется 1-ая метка записи!

MARC

LEADER 00000cam a2200000 a 4500
001 UCE7293
003 CL-VaPUC
008 150605e20060000sp |||||||||||||||||spa|d
020 |a 847133755X 
082 0 4 |a 375.006  |b PER  |2 21 
100 0 |a Pérez Juste, Ramón  |e author  |9 579977 
245 1 0 |a Evaluación de programas educativos 
250 |a 1a. ed 
300 |a 565 p 
942 |c BK 
945 |d 20150605 14:50:00  |a dcastane 
260 |a Madrid  |b La Muralla S. A  |c 2006 
650 7 |a EVALUACION CURRICULAR  |2 CL-VaPUC  |9 308585 
650 7 |a EVALUACIONES DE LA EDUCACION  |2 CL-VaPUC  |9 560494 
583 |a last modification  |c 20150605 14:50:00  |k Rodrigo Vera 
999 |c 359394  |d 359392 
952 |0 0  |1 0  |3 erb  |4 0  |6 375_006000000000000_PER_2006  |7 0  |8 A  |9 468566  |a FDOPOS  |b FDOPOS  |i 5162319  |o 375.006 PER 2006  |p 5162319  |r 2025-01-22  |w 2019-11-23  |y BK  |z Catalogado en:20150605  |k MED